Statistiques concernant Capitales les plus proches d'Ankara

Cliquez ici pour prendre le quiz!

Statistiques générales

  • Ce quiz a été pris 30 fois
  • Le résultat moyen est 14 sur 20

Statistiques - réponses

km capitale % Correct
932Jérusalem
93%
776Damas
90%
818Athènes
86%
530Nicosie
86%
992Erevan
83%
854Sofia
83%
1109Le Caire
83%
1263Bagdad
79%
750Bucarest
76%
1028Tbilissi
76%
712Beyrouth
76%
1186Kiev
72%
930Amman
69%
1111Tirana
69%
850Chișinău
66%
1023Pristina
66%
1170Podgorica
62%
1154Belgrade
59%
987Skopje
52%
917Ramallah
3%

Distribution des résultats

Percentile by Number Answered

% des personnes avec chaque résultat

Votre développement - résultats

Vous n’avez pas pris ce quiz